| 000 | 00622nam a22002177a 4500 | ||
|---|---|---|---|
| 003 | Ost | ||
| 005 | 20250717134349.0 | ||
| 008 | 250717b |||||||| |||| 00| 0 eng d | ||
| 020 | _a9781787148345 | ||
| 040 | _cBT-PhCST | ||
| 050 | _a25446-25447 | ||
| 082 |
_222 _a388.342 _bHER |
||
| 100 | _aHerrmann, Andreas. | ||
| 245 |
_aAutonomous driving : _bhow to driverless revolution will change the world / |
||
| 260 |
_aUK : _bEmerald Publishing Limited, _cc2018. |
||
| 300 |
_axiv, 445 p. : _bill. ; _c23 cm. |
||
| 500 | _aIncludes Index. | ||
| 700 | _aBrenner, Walter. | ||
| 700 | _aStadler, Rupert. | ||
| 942 |
_2ddc _cICE |
||
| 999 |
_c10042 _d10042 |
||